000 00988nam a2200349 c 4500
001 181610
003 DO-SdBNP
005 20240527104522.0
007 181610
008 120321s2012 sp 000 1 spa
015 _a
017 _a
_b
020 _a9788466325523
035 _a
040 _aBPMSU
_bspa
_cBPMSU
_e
041 1 _aspa
_h
080 _a
082 4 _a813.5
_bE88c 2012
_222
100 1 _aEulberg, Elizabeth
245 1 3 _aEl club de los corazones solitarios /
_cElizabeth Eulberg ; traducción de Mercedes Núñez.
250 _a
260 _aMadrid :
_bPunto de Lectura,
_c2012.
300 _a335 p. ;
_c20 cm
490 0 _aPunto de lectura,
_v500/1
534 _pTítulo original :
_tThe lonely hearts club
590 _aInventariado, 2024/VM
650 4 _aNovela juvenil estadounidense
650 4 _aEstudiantes
_vNovela juvenil
700 1 _aNúñez, Mercedes
_etraductor
_q
910 _aVMateo V. Control de calidad. BPMSU
942 _2ddc
_cBK
999 _c10329
_d10329